00628nam a2200157 a 4500008004100000050001600041100001800057245004900075246005000124260002300174300001900197350000900216995009600225999001700321952013200338120416s1990 ||||||||||||||||| || u aT 174.3 Hof aHoffman, Kurt10aManagement international technology transfer aa strategic approach for developing countries aOttawabIDRCc1990 ax, 312p. : ill a0.00 D0.00FCBU-MAIN LIBRARY (Kitwe)H1I35.50M1UAVAILABLEZMain Library Open Access Collection c49947d49947 00102lcc4070a001b001cMain Library Open Access Collectiond2022-11-30l0oT 174.3 Hofp013224r2022-11-30w2022-11-30y002